000 00353nam a22001337a 4500
020 _a81-87659-39-4
082 _a030
_bCHO/C
100 _aCHOICE INTERNATIONAL
245 _aCOMPUTER SCIENCE BASIC FACTS AND DICTIONARY
260 _aDELHI
_bCHOICE INTERNATIONAL
_c03/03/2016
300 _a512
650 _aCOMPUTER SCIENCE DICTIONARY
_zINDIA
942 _cBK
999 _c1713
_d1713